000 00671nam a2200241 a 4500
001 54366
003 BD-RjUL
005 20211209080117.0
008 161106s2003 ii ||||| |||| 000 0 eng d
020 _a8187815787
035 _a(BD-RjUL)54488
040 _aBD-RjUL
_beng
_cBD-RjUL
041 _aeng
082 _223
_a592
_bSAI 2003
100 _aSandhu, G.S.
_9117130
245 1 3 _aAn introduction to coelenterata /
_cG.S.Sandhu and Harshvardhan Bhaskar.
250 _a1st ed.
260 _aDelhi :
_bcampus books,
_c2003.
300 _aix,162p. :
_bill. ;
_c21 cm.
650 _ainvertebrates
_9162856
700 _aBhaskar, Harshvardhan
_9159067
942 _2ddc
_cBK
999 _c54366
_d54366